Evaluation of ecological and economic situation of settlements.
Analýza životných podmienok človeka. Súčasná ekologická a sociálnoekonomická situácia sídiel. Syntetické zhodnotenie kvality životných podmienok sídiel a návrhy riešenia špecifikovaných sociálnoekologických problémov daných sídiel.
Gespeichert in:
| 1. Verfasser: | |
|---|---|
| Weitere Verfasser: | |
| Format: | Buchkapitel |
| Sprache: | Englisch |
| Schlagworte: | |
| Tags: |
Keine Tags, Fügen Sie das erste Tag hinzu!
|
MARC
| LEADER | 00000naa a2200000 4500 | ||
|---|---|---|---|
| 001 | r012418 | ||
| 005 | 20220826094604.0 | ||
| 041 | 0 | |a eng | |
| 044 | |a SK | ||
| 245 | 1 | 0 | |a Evaluation of ecological and economic situation of settlements. |c N. Ďurajková, Z. Izakovičová |
| 520 | |a Analýza životných podmienok človeka. Súčasná ekologická a sociálnoekonomická situácia sídiel. Syntetické zhodnotenie kvality životných podmienok sídiel a návrhy riešenia špecifikovaných sociálnoekologických problémov daných sídiel. | ||
| 610 | 2 | 0 | |a podmienky životné |
| 610 | 2 | 0 | |a ekológia |
| 610 | 2 | 0 | |a regióny |
| 610 | 2 | 0 | |a Trnava |
| 610 | 2 | 0 | |a bývanie |
| 610 | 2 | 0 | |a práca |
| 610 | 2 | 0 | |a vzdelávanie |
| 100 | 1 | |a Ďurajková, N. | |
| 700 | 1 | |a Izakovičová, Zita | |